[Event "ITA-ch U20 23th"]
[Site "Giovinazzo"]
[Date "2015.07.20"]
[Round "2"]
[White "Basso, Pier Luigi"]
[Black "Altea, Alessandro"]
[Result "1-0"]
[WhiteElo "2439"]
[BlackElo "2018"]
[PlyCount "81"]
[EventDate "2015.07.19"]
[EventType "swiss"]
[EventRounds "9"]
[EventCountry "ITA"]
[SourceTitle "EXT 2024"]
[Source "ChessBase"]
[SourceDate "2023.10.10"]
[SourceVersion "1"]
[SourceVersionDate "2023.10.10"]
[SourceQuality "1"]

1. b3 Nf6 2. Bb2 e6 3. e3 d5 4. Nf3 Be7 5. Be2 0-0 6. Rg1 c5 7. g4 Nc6 8. g5 Nd7 9. c4 f6 10. h4 Nde5 11. Nxe5 fxe5 12. Nc3 Kh8 13. d3 a6 14. Bf3 d4 15. Ne4 Bd7 16. Bg4 b5 17. Ke2 bxc4 18. bxc4 Rb8 19. Qd2 Qc7 20. Rab1 a5 21. Ba3 Nb4 22. Rh1 Qb7 23. exd4 exd4 24. Rbg1 Qc6 25. Bc1 Bd6 26. Nf6 Be5 27. a3 Bxf6 28. gxf6 Rxf6 29. axb4 cxb4 30. Qg5 Rbf8 31. f4 Rg6 32. Qe5 a4 33. Bf3 Qc8 34. Rxg6 hxg6 35. h5 Kg8 36. hxg6 Rf5 37. Qxd4 a3 38. Rh7 Rf6 39. f5 exf5 40. Bd5+ Be6 41. Qh4 1-0

[Event "Arco op 36th"]
[Site "Arco"]
[Date "2014.10.09"]
[Round "6"]
[White "Altea, Alessandro"]
[Black "Schaefer, Michael"]
[Result "1-0"]
[WhiteElo "2063"]
[BlackElo "2155"]
[PlyCount "81"]
[EventDate "2014.10.04"]
[EventType "swiss"]
[EventRounds "9"]
[EventCountry "ITA"]
[SourceTitle "CBM 162 Extra"]
[Source "ChessBase"]
[SourceDate "2014.10.17"]
[SourceVersion "1"]
[SourceVersionDate "2014.10.17"]
[SourceQuality "1"]

1. e4 c5 2. c3 d5 3. exd5 Qxd5 4. d4 Nc6 5. Nf3 Bf5 6. Be2 e6 7. 0-0 Nf6 8. Be3 cxd4 9. Nxd4 Nxd4 10. Bxd4 a6 11. Na3 Rc8 12. Qa4+ Qc6 13. Qxc6+ Rxc6 14. Nc4 Be7 15. Na5 Rc8 16. Nxb7 0-0 17. b4 Nd5 18. Rfc1 Bg5 19. Rf1 Nxc3 20. Bxa6 Ra8 21. Bxc3 Rxa6 22. Nc5 Rc6 23. Rfd1 Rb8 24. a3 h5 25. Be5 Rb5 26. Rd6 Rc8 27. Rd7 f6 28. Bc3 e5 29. Rd6 e4 30. Rad1 e3 31. Rd8+ Rxd8 32. Rxd8+ Kf7 33. Kf1 Ke7 34. Rd1 Bg4 35. f3 Bc8 36. Ke2 f5 37. Bxg7 f4 38. Rd5 Bh4 39. Bh6 Be6 40. Re5 Rxc5 41. Rxc5 1-0

[Event "Sinnai Cup 15th"]
[Site "Sinnai"]
[Date "2012.11.24"]
[Round "4"]
[White "Altea, Alessandro"]
[Black "Pitzanti, Matteo"]
[Result "0-1"]
[WhiteElo "1832"]
[BlackElo "1638"]
[PlyCount "74"]
[EventDate "2012.11.17"]
[EventType "swiss"]
[EventRounds "6"]
[EventCountry "ITA"]
[SourceTitle "EXT 2024"]
[Source "ChessBase"]
[SourceDate "2023.10.10"]
[SourceVersion "1"]
[SourceVersionDate "2023.10.10"]
[SourceQuality "1"]

1. e4 c5 2. Nf3 d6 3. d4 cxd4 4. Qxd4 Nd7 5. Nc3 a6 6. Bc4 e6 7. Bg5 Qc7 8. Bb3 Ngf6 9. 0-0-0 Be7 10. Kb1 b5 11. Rhe1 Bb7 12. h4 h6 13. Bxf6 Nxf6 14. g4 Qc5 15. g5 Qxd4 16. Nxd4 Nd7 17. g6 Nc5 18. gxf7+ Kxf7 19. e5 d5 20. h5 Rhf8 21. Rg1 Bg5 22. Rg4 Kg8 23. Rf1 b4 24. Nce2 Ne4 25. Rxe4 dxe4 26. Nxe6 Kh7 27. Nxf8+ Rxf8 28. Ng3 Bf4 29. Re1 e3 30. Nf1 exf2 31. Re2 Bg5 32. c3 Bg2 33. Nh2 f1Q+ 34. Nxf1 Rxf1+ 35. Kc2 Rc1+ 36. Kd3 Bf1 37. cxb4 Re1 0-1

[Event "Sinnai Cup 15th"]
[Site "Sinnai"]
[Date "2012.11.17"]
[Round "1"]
[White "Carucci, Bruno"]
[Black "Altea, Alessandro"]
[Result "0-1"]
[WhiteElo "1520"]
[BlackElo "1832"]
[PlyCount "66"]
[EventDate "2012.11.17"]
[EventType "swiss"]
[EventRounds "6"]
[EventCountry "ITA"]
[SourceTitle "EXT 2024"]
[Source "ChessBase"]
[SourceDate "2023.10.10"]
[SourceVersion "1"]
[SourceVersionDate "2023.10.10"]
[SourceQuality "1"]

1. e4 c5 2. Nf3 e6 3. d4 cxd4 4. Nxd4 a6 5. Be3 Nf6 6. Nc3 Qc7 7. Bd3 Bb4 8. Bd2 0-0 9. 0-0 Nc6 10. Nf3 Be7 11. Re1 d6 12. Bf4 Nd7 13. Bg5 Nde5 14. Nxe5 Bxg5 15. Nxc6 Qxc6 16. e5 dxe5 17. Bxh7+ Kxh7 18. Qh5+ Bh6 19. Ne4 b5 20. Re3 Bb7 21. Ng5+ Kg8 22. Rg3 Qxc2 23. Ne4 Bxe4 24. Qxh6 Bg6 25. Qh4 Rfd8 26. Qg4 Rac8 27. h4 Qf5 28. Qb4 Rd4 29. Qe7 Rg4 30. Rd3 Qxd3 31. h5 Bxh5 32. Qb7 Rd8 33. Re1 Qd5 0-1

[Event "Sardegna Region-ch"]
[Site "Sardara"]
[Date "2011.05.28"]
[Round "6"]
[White "Altea, Alessandro"]
[Black "Caredda, Giuseppe"]
[Result "1/2-1/2"]
[WhiteElo "1813"]
[BlackElo "1608"]
[PlyCount "43"]
[EventDate "2011.05.23"]
[EventType "swiss"]
[EventRounds "8"]
[EventCountry "ITA"]
[SourceTitle "EXT 2023"]
[Source "ChessBase"]
[SourceDate "2022.10.05"]
[SourceVersion "1"]
[SourceVersionDate "2022.10.05"]
[SourceQuality "1"]

1. c4 Nf6 2. Nf3 e6 3. g3 d5 4. cxd5 Nxd5 5. Bg2 Be7 6. 0-0 0-0 7. Nc3 c6 8. d4 Nd7 9. Nxd5 cxd5 10. Bf4 Nf6 11. Rc1 Bd6 12. Bxd6 Qxd6 13. Qd3 Re8 14. Rc2 Bd7 15. Rfc1 a6 16. Rc7 Bc6 17. R7xc6 bxc6 18. Ne5 Rec8 19. Qc3 Rc7 20. Nd3 Nd7 21. a3 Rac8 22. b4 1/2-1/2